00534nam a2200157Ia 450000500170000000800410001708200130005824500560007126000280012730000160015550000440017170000430021594200060025895200970026499900150036120250626021834.0240331s9999 xx 000 0 und d bDISa351 0aDisposal of Public Records in Sri Lanka :bSouvenir aDehiwalabSridevic1993 avi, 47 p ., aDisposal of Public Records in Sri Lanka aThe Dept. of National Archives. eedt cL 001040708LaWERCLbWERCLcSSCd2024-03-31l0o 351.7 DISp3689r2024-03-31w2024-03-31yL c2866d2866